Statistics for Welsh or gibberish?

Click here to take the quiz!

General Stats

  • This quiz has been taken 280 times
  • The average score is 10 of 15

Answer Stats

QuestionAnswer% Correct
Llanfair­pwllgwyngyll­gogery­chwyrn­drobwll­llan­tysilio­gogo­gochWelsh
90%
GwasanaethauWelsh
82%
YsbytyWelsh
81%
Pump o'r glochWelsh
77%
HiraethWelsh
72%
BachgynWelsh
71%
Popty pingWelsh
64%
Pili PalaWelsh
63%
BalchWelsh
59%
MoronyddWelsh
58%
SglefrodWelsh
58%
RhosllanerchrugogWelsh
56%
Penisa'r WaunWelsh
53%
Pysgod WibblywobblyWelsh
49%
IshtWelsh
40%

Score Distribution

Percentile by Number Answered

Percent of People with Each Score

Your Score History

You have not taken this quiz